000 00711nam a2200265Ia 4500
005 20260121170024.0
008 008 260114s9999 xx 000 0 eng d
020 _a9783319172996
037 _aEBOOK
040 _aCRL
040 _beng
040 _cCRL
041 _2eng
041 _aeng
084 _qCRL
100 _aPeter Huber, Danuše Nerudová, Petr Rozmahel
_91058843
245 0 _aCompetitiveness, Social Inclusion and Sustainability in a Diverse European Union
260 _bSpringer
260 _bSpringer
260 _c2016
856 _uhttps://link.springer.com/openurl?genre=book&isbn=978-3-319-17299-6
942 _cEBOOK
999 _c1624572
_d1624572